000 01262cam a2200337 a 4500
999 _c7318
_d7318
001 7318
003 BD-JhCC
005 20180325123423.0
008 070316s2006 nyu 000 0aeng d
020 _a0451530381 (pbk.)
035 _a(OCoLC)ocm74823252
035 _a(BD-JhCC)7318
040 _aBKL
_cBKL
_dDLC
_d(OCoLC)74823252
041 _aeng
050 0 0 _aCT275.C3
_bA3 2006
082 0 0 _a338.7/672092
_aB
_222
_bCAR 2006
100 1 _aCarnegie, Andrew,
_d1835-1919.
245 1 4 _aThe autobiography of Andrew Carnegie :
_band, The gospel of wealth /
_cAndrew Carnegie ; with a new introduction by Gordon Hutner.
246 3 _aGospel of wealth
260 _aNew York :
_bSignet Classics,
_cc2006.
300 _axvi, 336 p. ;
_c18 cm.
600 1 0 _aCarnegie, Andrew,
_d1835-1919.
650 0 _aIndustrialists
_zUnited States
_vBiography.
650 0 _aPhilanthropists
_zUnited States
_vBiography.
700 1 2 _aCarnegie, Andrew,
_d1835-1919.
_tGospel of wealth.
740 0 2 _aGospel of wealth.
856 4 2 _3Contributor biographical information
_uhttp://www.loc.gov/catdir/enhancements/fy0718/2007272799-b.html
856 4 2 _3Publisher description
_uhttp://www.loc.gov/catdir/enhancements/fy0718/2007272799-d.html
942 _2ddc
_cBK